LEADER 00919nam a2200229 i 4500 001 000000195118 003 CaOOAMICUS 005 20101201000000.0 008 101201n it u000 u ita u 013 $a173781 040 $aSeMil$bita 100 1 $aCurti, Antonio <1858-1945>.$0(OLS)http://semarc/name/4735 245 10$aA la Polonia /$cAntonio Curti. 246 04$iTitolo in copertina:$aA La Polonia : polimetro (dialetto milanese) 260 $aMilano :$bLibreria editrice nazionale,$c[1902] 300 $a14 p. ;$c28 cm. 850 $aSeMil 852 $aSeMil$W1$xVenegono$y1$m5A XII 7/27$j145687$B145687$CSeMilBibl$Z2$F157268 $81 961 $aOmaggio: Altro 996 $6245$aA la Polonia$9(OLS)http://semarc/title/281413 996 $6246$aA La Polonia : polimetro (dialetto milanese)$9(OLS)http://semarc/title/281414 996 $6260$aMilano :$bLibreria editrice nazionale$9(OLS)http://semarc/publisher/47529 LEADER 01144nam a2200217 i 4500 001 000000199579 003 CaOOAMICUS 005 20110325000000.0 008 110325n it u000 u ita u 013 $a178271 040 $aSeMil$bita 100 1 $aPerna, Gianni.$0(OLS)http://semarc/name/55813 245 12$aL'evoluzione socio economica in un'area nord-occidentale della Lombardia, il Varesotto, e l'Azione Cattolica (1890-1899) /$cGianni Perna. 260 $aMilano :$b[s.n.],$c[1978?] 300 $aP. [275]-305 ;$c24 cm. 500 $aTitolo e responsabilitą dalla copertina. - Estratto da : «Bollettino dell'Archivio per la storia del movimento sociale cattolico in Italia», Anno 13. (1978), fasc. 2. - In prima pagina : Dedica autografa dell'Autore. 850 $aSeMil 852 $aSeMil$W1$xVenegono$y1$m5D VIII 18/21$j150128$B150128$CSeMilBibl$Z2$F161479 $81 961 $aOmaggio: Altro 996 $6245$aL'evoluzione socio economica in un'area nord-occidentale della Lombardia, il Varesotto, e l'Azione Cattolica (1890-1899)$9(OLS)http://semarc/title/288556 996 $6260$aMilano :$b[s.n.]$9(OLS)http://semarc/publisher/29709